| 000 | 01664cam a22004217a 4500 | ||
|---|---|---|---|
| 001 | 16224498 | ||
| 003 | ARRUPE | ||
| 005 | 20211014092433.0 | ||
| 008 | 100510s2009 ug abf b 001 0 eng c | ||
| 010 | _a 2010278335 | ||
| 015 |
_aGBA982224 _2bnb |
||
| 016 | 7 |
_a015352434 _2Uk |
|
| 020 | _a9781847010094 (hbk. : James Currey) | ||
| 020 | _a1847010091 (hbk. : James Currey) | ||
| 020 | _a9789970027323 (hbk. : Fountain) | ||
| 020 | _a9970027328 (hbk. : Fountain) | ||
| 035 | _a(OCoLC)ocn351324472 | ||
| 040 |
_aUKM _cUKM _dBTCTA _dYDXCP _dBWKUK _dBWX _dTOZ _dDLC |
||
| 042 | _apcc | ||
| 043 | _af-ug--- | ||
| 044 |
_aug _aenk _anyu |
||
| 050 | 0 | 0 |
_aBX9998 _b.V64 2009 |
| 100 | 1 |
_aVokes, Richard. _950453 |
|
| 245 | 1 | 0 |
_aGhosts of Kanungu : _bfertility, secrecy & exchange in the Great Lakes of East Africa / _cRichard Vokes. |
| 260 |
_aKampala, Uganda : _bFountain Publishers ; _aWoodbridge, UK ; _aRochester, NY : _bJames Currey, _cc2009. |
||
| 300 |
_axiii, 240 p., 3 p. of plates : _bill., maps ; _c24 cm. |
||
| 490 | 1 | _aAfrican anthropology | |
| 504 | _aIncludes bibliographical references (p. 226-233) and index. | ||
| 610 | 2 | 0 |
_aMovement for the Restoration of the Ten Commandments of God. _950380 |
| 650 | 0 |
_aFires _xCasualties _zUganda _zKanungu. _950454 |
|
| 650 | 0 |
_aMass burials _zUganda _zKanungu. _950455 |
|
| 650 | 0 |
_aFire investigation _zUganda _zKanungu. _950456 |
|
| 651 | 0 |
_aKanungu (Uganda) _xSocial conditions _y20th century. _950457 |
|
| 830 | 0 |
_aAfrican anthropology. _950458 |
|
| 906 |
_a7 _bcbc _cpccadap _d2 _encip _f20 _gy-gencatlg |
||
| 942 |
_2lcc _cMONOGRAPH |
||
| 999 |
_c130825 _d130825 |
||